ढाई कदम / (Record no. 114534)

MARC details
000 -LEADER
fixed length control field 00978nam a22002537a 4500
005 - DATE AND TIME OF LATEST TRANSACTION
control field 20170124103010.0
010 ## - LIBRARY OF CONGRESS CONTROL NUMBER
LC control number B-140849
020 ## - INTERNATIONAL STANDARD BOOK NUMBER
Terms of availability 400.00
International Standard Book Number 8185309922
035 ## - SYSTEM CONTROL NUMBER
System control number B-140849
037 ## - SOURCE OF ACQUISITION
Source of stock number/acquisition Cen Lib/Ret
040 ## - CATALOGING SOURCE
Original cataloging agency DPL
Language of cataloging HN
082 ## - DEWEY DECIMAL CLASSIFICATION NUMBER
Classification number
Item number कश्यप
100 ## - MAIN ENTRY--PERSONAL NAME
Personal name कश्यप, ओमप्रकाश
9 (RLIN) 57207
245 ## - TITLE STATEMENT
Title ढाई कदम /
Statement of responsibility, etc ओमप्रकाश कश्यप
246 ## - VARYING FORM OF TITLE
Title proper/short title Dhayi kadam /
Remainder of title by Omprakash Kashyap
260 ## - PUBLICATION, DISTRIBUTION, ETC. (IMPRINT)
Place of publication, distribution, etc गाज़ियाबाद
Name of publisher, distributor, etc अमित प्रकाशन
Date of publication, distribution, etc 2004
270 ## - ADDRESS
Address के.बी. 97, कवि नगर
City गाज़ियाबाद
Postal code 201002
300 ## - PHYSICAL DESCRIPTION
Extent 824पृ.
Dimensions 20सेमी(सजिल्द )
650 ## - SUBJECT ADDED ENTRY--TOPICAL TERM
Topical term or geographic name as entry element हिंदी साहित्य
General subdivision
Geographic subdivision
9 (RLIN) 57208
650 ## - SUBJECT ADDED ENTRY--TOPICAL TERM
Topical term or geographic name as entry element हिंदी उपन्यास
9 (RLIN) 57209
650 ## - SUBJECT ADDED ENTRY--TOPICAL TERM
Topical term or geographic name as entry element Hindi literature
Form subdivision
9 (RLIN) 57210
650 ## - SUBJECT ADDED ENTRY--TOPICAL TERM
Topical term or geographic name as entry element Hindi fiction
9 (RLIN) 27248
942 ## - ADDED ENTRY ELEMENTS (KOHA)
Source of classification or shelving scheme Dewey Decimal Classification
Koha item type Hindi Books
Classification part
Call number suffix कश्यप
Holdings
Withdrawn status Lost status Damaged status Not for loan Home library Current library Date acquired Source of acquisition Cost, normal purchase price Total Checkouts Full call number Barcode Date last seen Copy number Cost, replacement price Price effective from Koha item type
        Central Library Central Library 18/08/2015 Cen Lib/Ret 400.00   उ कश्यप B-140849 18/08/2015 1 400.00 18/08/2015 Hindi Books

© Delhi Public Library
Hit Counter
free hit counter